Elephant hunting in East Equatorial Africa / (Record no. 120681)
[ view plain ]
| 000 -LEADER | |
|---|---|
| fixed length control field | 01021nam a2200289 a 4500 |
| 001 - CONTROL NUMBER | |
| control field | 1881436 |
| 003 - CONTROL NUMBER IDENTIFIER | |
| control field | ARRUPE |
| 005 - DATE AND TIME OF LATEST TRANSACTION | |
| control field | 20140610163941.0 |
| 008 - FIXED-LENGTH DATA ELEMENTS--GENERAL INFORMATION | |
| fixed length control field | 830611r19821898rh fab 001 0 eng |
| 010 ## - LIBRARY OF CONGRESS CONTROL NUMBER | |
| LC control number | 83107829 |
| 020 ## - INTERNATIONAL STANDARD BOOK NUMBER | |
| International Standard Book Number | 0869202464 |
| 020 ## - INTERNATIONAL STANDARD BOOK NUMBER | |
| International Standard Book Number | 0869202456 (deluxe ed.) |
| 040 ## - CATALOGING SOURCE | |
| Original cataloging agency | DLC |
| Transcribing agency | DLC |
| Modifying agency | DLC |
| 043 ## - GEOGRAPHIC AREA CODE | |
| Geographic area code | fe----- |
| 050 00 - LIBRARY OF CONGRESS CALL NUMBER | |
| Classification number | SK305.E3 |
| Item number | N4 1982 |
| 082 00 - DEWEY DECIMAL CLASSIFICATION NUMBER | |
| Classification number | 799.2/761/096762 |
| Edition number | 19 |
| 300 ## - PHYSICAL DESCRIPTION | |
| Other physical details | ill. (some col.), col. map ; |
| Dimensions | 23 cm. |
| 100 1# - MAIN ENTRY--PERSONAL NAME | |
| Personal name | Neumann, Arthur H. |
| 9 (RLIN) | 10770 |
| 245 10 - TITLE STATEMENT | |
| Title | Elephant hunting in East Equatorial Africa / |
| Statement of responsibility, etc | by Arthur H. Neumann ; introduction by James A. Casada. |
| 260 ## - PUBLICATION, DISTRIBUTION, ETC. (IMPRINT) | |
| Place of publication, distribution, etc | Bulawayo : |
| Name of publisher, distributor, etc | Books of Zimbabwe, |
| Date of publication, distribution, etc | 1982. |
| 300 ## - PHYSICAL DESCRIPTION | |
| Extent | xix, 455 p., [4] leaves of plates (1 folded) : |
| 440 #0 - SERIES STATEMENT/ADDED ENTRY--TITLE | |
| Title | African hunting reprint series ; |
| Volume number/sequential designation | v. 6 |
| 9 (RLIN) | 10771 |
| 500 ## - GENERAL NOTE | |
| General note | Reprint. Originally published: London : Rowland Ward, 1898. |
| 500 ## - GENERAL NOTE | |
| General note | Includes index. |
| 650 #0 - SUBJECT ADDED ENTRY--TOPICAL TERM | |
| Topical term or geographic name as entry element | Elephant hunting |
| Geographic subdivision | Africa, East. |
| 9 (RLIN) | 10772 |
| 906 ## - LOCAL DATA ELEMENT F, LDF (RLIN) | |
| a | 7 |
| b | cbc |
| c | orignew |
| d | 3 |
| e | ncip |
| f | 19 |
| g | y-gencatlg |
| 942 ## - ADDED ENTRY ELEMENTS (KOHA) | |
| Source of classification or shelving scheme | Library of Congress Classification |
| Koha item type | SPC |
| Withdrawn status | Lost status | Source of classification or shelving scheme | Damaged status | Not for loan | Collection code | Home library | Current library | Shelving location | Date acquired | Total Checkouts | Full call number | Barcode | Date last seen | Price effective from | Koha item type |
|---|---|---|---|---|---|---|---|---|---|---|---|---|---|---|---|
| Library of Congress Classification | SPECIAL Collection | ARRUPE LIBRARY | ARRUPE LIBRARY | Main Collection | 10/06/2014 | SK251.N48 1982 | 46500000668 | 10/06/2014 | 10/06/2014 | SPC |